| 000 | 00717nam a2200193 a 4500 | ||
|---|---|---|---|
| 001 | BRCA_268 | ||
| 005 | 20190320202935.0 | ||
| 008 | 290508s198u----mx-a######---#000-0#spa-# | ||
| 041 | _aspa | ||
| 044 | _amx | ||
| 050 | 4 |
_aND1460 _b.M95 1980 |
|
| 245 | 1 | 0 |
_aLa mujer en la pintura _bsociedad, mito y religión. |
| 260 |
_aMéxico _bINBA : Patronato del Museo de San Carlos _c[1980?] |
||
| 300 |
_a123 p. _bil. _c21 cm. _e1 hoja suelta |
||
| 500 | _aCatálogo de la exposición realizada en el Museo de San Carlos (Ciudad de México), [1980?] | ||
| 500 | _aIncluye piezas de la colección Franz Mayer: p. 10-11, 18-19, 24-25, 44-45, 48-49 y 52-53 | ||
| 650 | 1 | 4 |
_aMujeres _vExposiciones _xEn la pintura _9897 |
| 942 |
_2lcc _cB |
||
| 999 |
_c215 _d215 |
||